| 000 | 00392cam a22001217a 4500 | ||
|---|---|---|---|
| 008 | 180718b1983 xxu||||| |||| 00| 0 eng d | ||
| 082 | _aI52 G238 | ||
| 100 | _aGautam, Vinayshil | ||
| 245 |
_aDecision making and development: papers and probings in the systems of management anthropology _cby Vinayshil Gautam |
||
| 260 |
_aDelhi _bNational _c1983 |
||
| 300 | _a102p. | ||
| 650 | _aDecision-making | ||
| 999 |
_c345042 _d345042 |
||